Normal view
MARC view
- Hassul, Michael
Entry Personal Name
001 - CONTROL NUMBER
- control field: 106596
003 - CONTROL NUMBER IDENTIFIER
- control field: NUST
005 - DATE AND TIME OF LATEST TRANSACTION
- control field: 20230102111255.0
008 - FIXED-LENGTH DATA ELEMENTS
- fixed length control field: 230102|| aca||aabn | a|a d
040 ## - CATALOGING SOURCE
- Original cataloging agency: NUST
- Transcribing agency: NUST
100 ## - HEADING--PERSONAL NAME
- Personal name: Hassul, Michael
670 ## - SOURCE DATA FOUND
- Source citation: Work cat.: (NUST)175920: Shahian, Bahram. 106595, Control system design using Matlab /, c1993.
